| 000 | 02916cam a22004454i 4500 | ||
|---|---|---|---|
| 003 | PE-LiUPU | ||
| 005 | 20250731165424.0 | ||
| 008 | 160127s2015 pe a grm 000 0 spa d | ||
| 035 | _a(Sirsi) a155831 | ||
| 040 |
_aPE-LiUPU _bspa _cPE-LiUPU _erda |
||
| 099 |
_aTIS 3 _bM26 2015 |
||
| 100 | 1 |
_aMarlo Rimarachi, Wilder _eautor |
|
| 245 | 1 |
_aSistema de información ejecutivo basado en Business Intelligence y la calidad de información de los indicadores económico financieros de la Gerencia Financiera de la Universidad Peruana / _cWilder Marlo Rimarachin. |
|
| 264 | 0 | _c2015. | |
| 300 |
_a98 hojas : _bilustraciones; _c30 cm |
||
| 336 |
_atext _2rdacontent |
||
| 337 |
_aunmediated _2rdamedia |
||
| 338 |
_avolume _2rdacarrier |
||
| 502 |
_aTesis _b(Mg.) -- _cUniversidad Peruana Unión, _d2015. |
||
| 504 | _aIncluye bibliografía | ||
| 520 | 3 | _aEl presente proyecto de tesis tiene el objetivo de implementar un sistema de información ejecutivo (EIS), basado en Business Intelligence, presenta el desarrollo de un modelo de datos multidimensional, un DataMart para el análisis de datos de los indicadores y ratios financieros de la Gerencia Financiera de la Universidad Peruana Unión, de acuerdo con la metodología propuesta, se usa la metodología de Ralph Kimball para la implementación de un DataMart, que permite presentar información financiera, indicadores y ratios de calidad, analizados y presentados para acceder a los mismos cuando se los necesite. El proyecto también describe y presenta las tecnologías y herramientas más importantes del mundo de Business Intelligence en la actualidad. En calidad de solución de inteligencia de negocios se diseña un DataMart de indicadores financieros, luego se realizan los procesos de extracción, transformación y carga de datos (ETL), para explotar finalmente los datos mediante reportes que permitan hacer el análisis de la información. Como herramienta de desarrollo se usa la plataforma SQL Server Business Intelligence Development Studio 2012, para la creación del DataMart, la extracción, transformación y carga de datos, para su implementación de usa la herramienta MicroStrategy como sistema de información ejecutivo para presentar los reportes y dashboard. Los resultados obtenidos son los reportes analíticos útiles para tomar decisiones de forma rápida y confiable. | |
| 526 | _aSEG44 | ||
| 526 | _aSEG26 | ||
| 526 | _aP151 | ||
| 526 | _aP150 | ||
| 526 | _aP149 | ||
| 526 | _aP146 | ||
| 526 | _aP145 | ||
| 526 | _aP126 | ||
| 526 | _aP125 | ||
| 526 | _aP92 | ||
| 526 | _aP75 | ||
| 526 | _aP74 | ||
| 526 | _aP27 | ||
| 526 | _aP15 | ||
| 650 | 0 | 4 | _aInformación basado en Business Intelligence |
| 596 | _a1 | ||
| 942 |
_2ddc _cTESIS |
||
| 999 |
_aTIS 3 M26 2015 _wALPHANUM _c8508 _iT01893 _lCCODEBUL3 _mBUL _r1 _sY _tTESIS _u2016-1-27 _xWHITE _PP74 _o.STAFF. Tesis _d8508 |
||
| 980 |
_81 _gALBERTO SANCHEZ Responsable de Automatización |
||